[Event "Krefeld Pfingsten op"]
[Site "Krefeld"]
[Date "2025.06.08"]
[Round "5"]
[White "Burkhardt, Holger"]
[Black "Sutharjan, Dakxwin"]
[Result "1-0"]
[WhiteElo "2083"]
[BlackElo "1849"]
[PlyCount "81"]
[EventDate "2025.06.06"]
[EventType "swiss"]
[EventRounds "9"]
[EventCountry "GER"]
[SourceTitle "CB24_2025"]
[SourceDate "2025.06.11"]
[SourceVersion "1"]
[SourceVersionDate "2025.06.11"]
[SourceQuality "1"]

1. e4 c6 2. d4 d5 3. exd5 cxd5 4. c4 Nf6 5. Nc3 Nc6 6. Nf3 Be6 7. c5 g6 8. Bb5 Bg7 9. h3 0-0 10. Be3 Ne4 11. Rc1 f5 12. Bxc6 bxc6 13. Bf4 Bd7 14. 0-0 e6 15. Be5 Ng5 16. Bxg7 Nxf3+ 17. Qxf3 Kxg7 18. Qf4 Qe7 19. Rfe1 Rab8 20. Rc2 Rfe8 21. Nb1 Qf6 22. Nd2 Rb4 23. Qc7 Re7 24. Nf3 Be8 25. Qd6 Rbb7 26. Rce2 Bd7 27. Ne5 a5 28. b3 f4 29. Nf3 h6 30. Ne5 g5 31. a3 Be8 32. b4 axb4 33. axb4 Rbc7 34. Ng4 Qxd4 35. Rxe6 Red7 36. Re7+ Rxe7 37. Rxe7+ Rxe7 38. Qxe7+ Bf7 39. Ne5 Qd1+ 40. Kh2 Qh5 41. b5 1-0

[Event "GER-ch U10"]
[Site "Willingen"]
[Date "2024.05.19"]
[Round "1"]
[White "Sutharjan, Dakxwin"]
[Black "Koenig, Marius"]
[Result "1-0"]
[WhiteElo "1768"]
[BlackElo "1356"]
[PlyCount "61"]
[EventDate "2024.05.19"]
[EventType "swiss"]
[EventRounds "11"]
[EventCountry "GER"]
[SourceTitle "CBM 220 Extra"]
[Source "ChessBase"]
[SourceDate "2024.07.31"]
[SourceVersion "1"]
[SourceVersionDate "2024.07.31"]
[SourceQuality "1"]

1. e4 e5 2. Nf3 Nc6 3. d4 exd4 4. Nxd4 Nf6 5. Nxc6 bxc6 6. e5 Nd5 7. c4 Nb6 8. Be3 Ba6 9. Qc2 Bb4+ 10. Nd2 Bxd2+ 11. Bxd2 0-0 12. Bd3 h6 13. 0-0 Re8 14. Rfe1 d5 15. exd6 Qxd6 16. Bh7+ Kh8 17. c5 Qd7 18. Bf5 Rxe1+ 19. Rxe1 Qd5 20. cxb6 g6 21. Be4 Qd6 22. bxc7 Qxc7 23. Qxc6 Qxc6 24. Bxc6 Rb8 25. Bc3+ Kh7 26. Re8 Rxe8 27. Bxe8 Bc4 28. b3 Be6 29. Bb5 Kg8 30. Bd4 a5 31. Bc3 1-0

[Event "GER-ch U10"]
[Site "Willingen"]
[Date "2023.05.31"]
[Round "7"]
[White "Sutharjan, Dakxwin"]
[Black "Wettstein, Levin"]
[Result "1/2-1/2"]
[WhiteElo "1438"]
[BlackElo "1416"]
[PlyCount "106"]
[EventDate "2023.05.27"]
[EventType "swiss"]
[EventRounds "11"]
[EventCountry "GER"]
[SourceTitle "CBM 214 Extra"]
[Source "ChessBase"]
[SourceDate "2023.07.31"]
[SourceVersion "1"]
[SourceVersionDate "2023.07.31"]
[SourceQuality "1"]

1. e4 e5 2. Nf3 Nc6 3. d4 exd4 4. Bc4 Bb4+ 5. c3 dxc3 6. 0-0 h6 7. Nxc3 Bxc3 8. bxc3 d6 9. Qe2 Bg4 10. Bb5 a6 11. Bxc6+ bxc6 12. Qc4 c5 13. Qd3 Bxf3 14. Qxf3 Qf6 15. Qd3 Qe5 16. f4 Qe6 17. e5 dxe5 18. fxe5 Rd8 19. Qg3 Ne7 20. Ba3 Rd5 21. Rae1 Ng6 22. Rf3 0-0 23. Rfe3 Re8 24. c4 Rxe5 25. Bxc5 Rxe3 26. Rxe3 Qc6 27. Rxe8+ Qxe8 28. h3 Qc6 29. Qf2 Qf6 30. Qxf6 gxf6 31. Be3 Kg7 32. Kf2 Ne5 33. c5 c6 34. Bd4 Nd3+ 35. Ke3 Nb4 36. a4 Nc2+ 37. Ke4 Nxd4 38. Kxd4 Kg6 39. Ke4 Kg5 40. a5 h5 41. g3 h4 42. gxh4+ Kxh4 43. Kf5 Kxh3 44. Kxf6 Kg4 45. Ke5 f5 46. Kd6 f4 47. Kxc6 f3 48. Kb7 f2 49. c6 f1Q 50. c7 Qb5+ 51. Ka7 Qc5+ 52. Kb7 Qb5+ 53. Ka7 Qc5+ 1/2-1/2

[Event "Wch U08"]
[Site "Batumi"]
[Date "2022.09.21"]
[Round "6"]
[White "Sutharjan, Dakxwin"]
[Black "Uilstuguldur, Tsambagarav"]
[Result "1-0"]
[WhiteElo "1523"]
[BlackElo "1189"]
[PlyCount "61"]
[EventDate "2022.09.16"]
[EventType "swiss"]
[EventRounds "11"]
[EventCountry "GEO"]
[SourceTitle "EXT 2023"]
[Source "ChessBase"]
[SourceDate "2022.10.05"]
[SourceVersion "1"]
[SourceVersionDate "2022.10.05"]
[SourceQuality "1"]

1. e4 c5 2. d4 cxd4 3. c3 Nf6 4. e5 Nd5 5. cxd4 e6 6. Bc4 Nb6 7. Bb3 Be7 8. Nf3 0-0 9. 0-0 d6 10. Nc3 dxe5 11. Nxe5 N6d7 12. Qe2 Nxe5 13. dxe5 Nc6 14. Rd1 Qa5 15. Bf4 Qb4 16. Bg3 Nd4 17. Qc4 Qxc4 18. Bxc4 Nc6 19. Nb5 a6 20. Nd6 b5 21. Bb3 Rd8 22. Rac1 Na7 23. Rc7 Bxd6 24. exd6 Bd7 25. Bh4 f6 26. Re1 Nc8 27. Rxd7 Rxd7 28. Bxe6+ Rf7 29. Bxf7+ Kxf7 30. Bg3 Ra7 31. Rc1 1-0

[Event "GER-ch U08"]
[Site "Willingen"]
[Date "2022.06.09"]
[Round "3"]
[White "Sutharjan, Dakxwin"]
[Black "Schmidt, Alexander Nadvid"]
[Result "1-0"]
[WhiteElo "1290"]
[BlackElo "1038"]
[PlyCount "49"]
[EventDate "2022.06.07"]
[EventType "swiss"]
[EventRounds "7"]
[EventCountry "GER"]
[SourceTitle "EXT 2023"]
[Source "ChessBase"]
[SourceDate "2022.10.05"]
[SourceVersion "1"]
[SourceVersionDate "2022.10.05"]
[SourceQuality "1"]

1. e4 e5 2. d4 exd4 3. c3 dxc3 4. Bc4 d6 5. Nf3 Bg4 6. Qb3 Qe7 7. Qxb7 c6 8. Qxa8 Qxe4+ 9. Be3 Qxc4 10. Qxb8+ Ke7 11. Nxc3 d5 12. Ne5 Qa6 13. Qc7+ Ke6 14. Qxc6+ Qxc6 15. Nxc6 Be7 16. Nxe7 Nxe7 17. 0-0 Nc6 18. Rfe1 Kd6 19. Bf4+ Kc5 20. Rac1 d4 21. Ne4+ Kd5 22. Rc5+ Ke6 23. Rxc6+ Kf5 24. Bc7 Re8 25. Ng3+ 1-0

[Event "GER-ch U08"]
[Site "Willingen"]
[Date "2022.06.08"]
[Round "1"]
[White "Sutharjan, Dakxwin"]
[Black "Detjen, Laurenz"]
[Result "1-0"]
[WhiteElo "1290"]
[BlackElo "845"]
[PlyCount "119"]
[EventDate "2022.06.07"]
[EventType "swiss"]
[EventRounds "7"]
[EventCountry "GER"]
[SourceTitle "EXT 2023"]
[Source "ChessBase"]
[SourceDate "2022.10.05"]
[SourceVersion "1"]
[SourceVersionDate "2022.10.05"]
[SourceQuality "1"]

1. e4 e5 2. d4 Nc6 3. d5 Nb8 4. Nf3 Bd6 5. Nc3 Nf6 6. Bd3 0-0 7. 0-0 Re8 8. Bg5 Bc5 9. Bh4 c6 10. Qe2 d6 11. Bc4 Bg4 12. h3 Bh5 13. g4 Bg6 14. dxc6 Nxc6 15. Nd5 Nd4 16. Nxd4 Bxd4 17. Nxf6+ gxf6 18. c3 Bb6 19. Qf3 Kg7 20. Bg3 Rc8 21. Bb3 Qd7 22. h4 Qc6 23. Bd5 Bxe4 24. Bxc6 Bxf3 25. Bxf3 e4 26. Be2 e3 27. Rae1 Re6 28. Kg2 Rce8 29. fxe3 Rxe3 30. Bf3 Bc5 31. Rxe3 Rxe3 32. Bf2 Re5 33. Bxc5 Rxc5 34. Rd1 Rb5 35. b4 a5 36. a3 axb4 37. axb4 b6 38. Rd5 Rxd5 39. Bxd5 b5 40. Bc6 Kf8 41. Bxb5 Ke7 42. Kf3 Ke6 43. Ke4 d5+ 44. Kd4 Kd6 45. Bd3 Kc6 46. Bxh7 Kd6 47. b5 Kc7 48. Kxd5 Kb6 49. c4 Kb7 50. Bg8 Kb6 51. h5 f5 52. gxf5 f6 53. h6 Kc7 54. h7 Kd7 55. h8Q Ke7 56. b6 Kd7 57. Qxf6 Ke8 58. Qf7+ Kd8 59. Kd6 Kc8 60. Qc7# 1-0